Fundamentals of applied dynamics

Salvato in:
Dettagli Bibliografici
Autore principale: Williams, J.H (Autore)
Natura: Libro
Lingua:inglese
Pubblicazione: New York : John Wiley & Sons, 1996
Soggetti:
Tags: Aggiungi Tag
Nessun Tag, puoi essere il primo ad aggiungerne!!

MARC

LEADER 00000nam a22000003a 4500
001 stu55650
005 20190206124429.8
008 001116s1996----xxu-----------------eng-d
020 |a 0-471-10937-1 
040 |a STU  |b slo 
041 0 |a eng 
044 |a xxu 
080 |a 531.3 
084 |a A0320  |2 INS 
084 |a C3390  |2 INS 
100 1 |a Williams, J.H.  |4 aut 
245 1 |a Fundamentals of applied dynamics 
260 |a New York :  |b John Wiley & Sons,  |c 1996 
300 |a 854 s 
650 7 |a dynamika  |2 stusub 
650 7 |a kinetika  |2 stusub 
650 7 |a aplikovaná dynamika  |2 stusub 
996 |b 284EK84406  |c E*84406  |l EE01  |s A  |a 24  |w stu55650_0001 
996 |b 284EK83545  |c E*83545  |l EE15  |s P  |a 0  |w stu55650_0002